Dragon quest VIII personnages - Statistiques

Statistiques générales
  • Ce quiz a été pris 35 fois
  • Le résultat moyen est 9 sur 16
Statistiques - réponses
Par images Réponse % Correct
Angelo
100%
Yangus
100%
Jessica
97%
Le Héros
90%
Dhoulmagus
73%
Roi Trode
63%
Marcello
57%
Rhapthorne
53%
Rubis
50%
Morry
47%
Munchie
47%
Princesse Médéa
40%
Alistair
20%
Princesse Minnie
17%
Seigneur des Dragoviens
3%
ishmahri
0%
Aucun quiz correspondant
Distribution des résultats
% des personnes avec chaque résultat
Percentile par nombre de réponses
Votre historique - résultats
Vous n’avez pas pris ce quiz